Score 0/15 Timer 05:00
1 Play Today
% Correct
The Flintstones
97.7%
The Simpsons
92.6%
Family Guy
92.3%
SpongeBob SquarePants
91.8%
South Park
89.7%
Friends
89.7%
I Love Lucy
88.8%
The Office
87.1%
% Correct
Parks and Recreation
81.9%
Glee
79.8%
Breaking Bad
76.7%
Lost
63.2%
Saturday Night Live
62.8%
Rick and Morty
62.4%
30 Rock
51.5%
Remove Ads.
Support Sporcle.
Get the best of Sporcle when you Go Orange. This ad-free experience offers more features, more stats, and more fun while also helping to support Sporcle. Thank you for becoming a member.

You're not logged in!

Compare scores with friends on all Sporcle quizzes.
OR
Log In

Show Comments

Extras

Top Quizzes Today


Score Distribution

Your Account Isn't Verified!

In order to create a playlist on Sporcle, you need to verify the email address you used during registration. Go to your Sporcle Settings to finish the process.

Report this User

Report this user for behavior that violates our Community Guidelines.

Details: